000 00850cab a2200265 4500
001 WB3028-27
008 090401t1994 xxu||||| |||| 00| 0 eng d
035 _a(Sirsi) u10497
041 _aeng
245 2 _aA burglar`s dream home
260 _c1994
350 _a0
490 _aTimes
_v20 July 1994, 37(1)
520 _aThe BRE has published two reports on burglaries of residential property. Burglars have cooperated with researchers to highlight what makes a property vulnerable. "Domestic burglaries: the burglar`s view" and "Domestic burglaries: the police view" £3.50 each.
650 _aBRE
650 _aBRE
650 _aBURGLARIES
650 _aCRIME PREVENTION
650 _aCRIME
650 _aRESIDENTIAL PROPERTY
_96266
650 _aSECURITY
690 _aBlock management
_96220
942 _n0
948 _c04/03/1997
999 _c6629
_d6629